Opportunities in retailing careers / (Record no. 5732)
[ view plain ]
| 000 -LEADER | |
|---|---|
| fixed length control field | 00771pam a2200217 a 4500 |
| 001 - CONTROL NUMBER | |
| control field | 2104665 |
| 005 - DATE AND TIME OF LATEST TRANSACTION | |
| control field | 20250512152708.0 |
| 008 - FIXED-LENGTH DATA ELEMENTS--GENERAL INFORMATION | |
| fixed length control field | 960102s1996 ilua 000 0 eng |
| 020 ## - INTERNATIONAL STANDARD BOOK NUMBER | |
| International Standard Book Number | 0844246417 (h : alk. paper) |
| 020 ## - INTERNATIONAL STANDARD BOOK NUMBER | |
| International Standard Book Number | 0844246425 (p : alk. paper) |
| 050 00 - LIBRARY OF CONGRESS CALL NUMBER | |
| Classification number | HF5429.29 |
| Item number | .D65 1996 |
| 082 00 - DEWEY DECIMAL CLASSIFICATION NUMBER | |
| Classification number | 381/.1/02373 |
| Edition information | 20 |
| 100 1# - MAIN ENTRY--PERSONAL NAME | |
| Personal name | Dolber, Roslyn. |
| 245 10 - TITLE STATEMENT | |
| Title | Opportunities in retailing careers / |
| Statement of responsibility, etc. | Roslyn Dolber ; foreword by Dan Walker. |
| 260 ## - PUBLICATION, DISTRIBUTION, ETC. | |
| Place of publication, distribution, etc. | Lincolnwood, Ill., USA : |
| Name of publisher, distributor, etc. | VGM Career Horizons, |
| Date of publication, distribution, etc. | c1996. |
| 300 ## - PHYSICAL DESCRIPTION | |
| Extent | xi, 148 p. : |
| Other physical details | ill. ; |
| Dimensions | 21 cm. |
| 440 #0 - SERIES STATEMENT/ADDED ENTRY--TITLE | |
| Title | VGM opportunities series |
| 650 #0 - SUBJECT ADDED ENTRY--TOPICAL TERM | |
| Topical term or geographic name entry element | Retail trade |
| General subdivision | Vocational guidance. |
| 856 42 - ELECTRONIC LOCATION AND ACCESS | |
| Materials specified | Publisher description |
| Uniform Resource Identifier | <a href="http://www.loc.gov/catdir/description/mh041/96002149.html">http://www.loc.gov/catdir/description/mh041/96002149.html</a> |
| 942 ## - ADDED ENTRY ELEMENTS (KOHA) | |
| Source of classification or shelving scheme | Library of Congress Classification |
| Koha item type | Books |
| Suppress in OPAC | No |
| 999 ## - | |
| -- | 5732 |
| -- | 5732 |
| Withdrawn status | Lost status | Source of classification or shelving scheme | Damaged status | Not for loan | Collection | Home library | Current library | Shelving location | Date acquired | Total checkouts | Full call number | Barcode | Date last seen | Copy number | Price effective from | Koha item type |
|---|---|---|---|---|---|---|---|---|---|---|---|---|---|---|---|---|
| Library of Congress Classification | Non-fiction | Undergraduate Library (Christ Temple) | Undergraduate Library (Christ Temple) | General stacks | 05/12/2025 | HF5429.29 DOL | ulct00002335 | 05/12/2025 | 1 | 05/12/2025 | Books |